| 000 | 00752nam a2200241 i 4500 | ||
|---|---|---|---|
| 001 | 178085 | ||
| 003 | ES-MaACL | ||
| 005 | 20230906220457.0 | ||
| 007 | t| | ||
| 008 | 110517s1961 sp r ||||1| spa d | ||
| 080 | _a27-23 | ||
| 100 | 1 |
_aGalbiati, Enrico. _9146560 |
|
| 245 | 1 | 0 |
_aTeología de la inspiración / _cEnrico Galbiati ; [traducción de Joaquín Blázquez]. |
| 260 |
_aBarcelona : _bHerder, _c1961. |
||
| 300 |
_a62 p. ; _c18 cm. |
||
| 490 | 1 |
_aPequeña biblioteca Herder ; _v8 |
|
| 504 | _aBibliografía: p. 54-62. | ||
| 630 | 0 | 4 |
_aBiblia- _xInspiración. _9146561 |
| 700 | 1 |
_aBlázquez, Joaquín. _929440 |
|
| 830 | 0 |
_aPequeña biblioteca Herder ; _v8 _9190720 |
|
| 852 |
_aES-MaACL _jE-15120 _xOlim P-274 |
||
| 999 |
_c178085 _d178085 |
||